000 00499nam a2200181 i 4500
001 bg
100 1 _aFISHER, J. E.
245 0 _aElectronics-from Theory into Practice by... /
_cJ. E. Fisher, H. B. Gatland.
260 _aOxford :
_bPergamon Press,
_c[1966].
300 _as. XV, 411 :
_brys., tabl.
504 _a[Zawiera bibliogr. s. 405-406].
700 1 _aGATLAND, H. B.
040 _cBPK
041 _apol
080 _a621.38
942 _cKS
008 s pl f |000 0 pol
999 _c26650
_d26650
856 _uhttp://koha.tu.koszalin.pl/cgi-bin/koha/opac-detail.pl?biblionumber=26650
_yKatalog online BPK